[Event "Fredrikstad CC-ch"]
[Site "Fredrikstad"]
[Date "2003.01.22"]
[Round "2"]
[White "Midtgaard, Andre L"]
[Black "Engebretsen, Terje Ulstrup"]
[Result "1-0"]
[WhiteElo "917"]
[BlackElo "1064"]
[PlyCount "94"]
[EventDate "2003.01.??"]
[EventType "swiss"]
[EventRounds "11"]
[EventCountry "NOR"]
[SourceTitle "EXT 2005"]
[Source "ChessBase"]
[SourceDate "2004.11.15"]
[SourceVersion "1"]
[SourceVersionDate "2004.11.15"]
[SourceQuality "1"]

1. e4 e5 2. b3 g6 3. Nf3 Bg7 4. Bc4 c6 5. d3 b5 6. Bxf7+ Kxf7 7. d4 exd4 8. Nxd4 Bxd4 9. Qxd4 Qf6 10. e5 Qe6 11. 0-0 Ne7 12. Bb2 Nf5 13. Qf4 Ke8 14. Nd2 Na6 15. Rad1 Rf8 16. Ne4 h6 17. Nf6+ Kd8 18. Ba3 Rf7 19. g4 Ng7 20. Rd6 Qe7 21. Re1 b4 22. Bb2 g5 23. Qe4 Kc7 24. a3 Rb8 25. c3 bxc3 26. Bxc3 Rxb3 27. Ba5+ Kb8 28. Red1 Nc5 29. Qd4 Nge6 30. Qc4 Ba6 31. Qc2 Rb7 32. Ng8 Qf8 33. Nf6 Bb5 34. Qc3 Ba4 35. Re1 Rxf6 36. exf6 Qxd6 37. f7 Qf8 38. Qe5+ Ka8 39. Qf6 Rb8 40. Bc3 Bc2 41. Be5 Rb1 42. Rxb1 Bxb1 43. Kg2 Ne4 44. Qg6 Kb7 45. f3 d5 46. Qxe6 Nd2 47. Bd6 Nxf3 1-0

[Event "Fredrikstad CC-ch"]
[Site "Fredrikstad"]
[Date "2003.01.15"]
[Round "1"]
[White "Engebretsen, Terje Ulstrup"]
[Black "Helgesen, Jack"]
[Result "0-1"]
[WhiteElo "1064"]
[BlackElo "1053"]
[PlyCount "50"]
[EventDate "2003.01.??"]
[EventType "swiss"]
[EventRounds "11"]
[EventCountry "NOR"]
[SourceTitle "EXT 2005"]
[Source "ChessBase"]
[SourceDate "2004.11.15"]
[SourceVersion "1"]
[SourceVersionDate "2004.11.15"]
[SourceQuality "1"]

1. e4 c5 2. Nc3 Nc6 3. Bc4 g6 4. Nf3 d6 5. Ng5 e6 6. d3 Bg7 7. Bd2 Nge7 8. 0-0 0-0 9. Rb1 Re8 10. Qf3 Ne5 11. Qf4 h6 12. Nf3 g5 13. Qg3 Nxc4 14. dxc4 d5 15. cxd5 exd5 16. Nxd5 Nxd5 17. exd5 Qxd5 18. Be3 g4 19. Ne1 Qxa2 20. Nd3 b6 21. Qd6 Qe6 22. Qg3 h5 23. Nf4 Qe5 24. Nxh5 Qxh5 25. f3 Rxe3 0-1